MARC

LEADER 00000nas a2200000 a 4500
001 ssj0025551
003 WaSeSS
005 20200512172242.0
006 m d
007 cr n
008 040108c19779999ksubr pss 0 a0eng c
010 |a  2004214106 
022 |a 1548-1336  |l 0160-6972  |y 0160-6972 
035 |a (WaSeSS)ssj0025551 
037 |b Alliance Communications Group, Allen Press, 810 E. 10th St., Lawrence, KS 66044 
040 |a NSD  |b eng  |c NSD  |d OCL  |d OCLCQ  |d MUQ  |d SBH  |d OCLCQ  |d NSD  |d OCLCQ  |d OCLCF  |d OCLCQ  |d WY@  |d U3W  |d OCLCO  |d BUF  |d APUMS  |d AU@  |d OCLCO  |d WYU  |d VT2  |d WaSeSS 
042 |a nsdp  |a pcc 
082 1 0 |a 617  |2 14 
130 0 |a Journal of oral implantology (Online) 
222 4 |a The journal of oral implantology  |b (Online) 
245 1 4 |a The journal of oral implantology  |h [electronic resource]. 
260 |a Lawrence, KS :  |b Alliance Communications Group, Allen Press 
310 |a Bimonthly 
362 1 |a Print began with vol. 7, published in 1977. 
506 |a License restrictions may limit access. 
538 |a Mode of access: World Wide Web. 
550 |a Official journal of the American Academy of Implant Dentistry and the American Academy of Implant Prosthodontics. 
580 |a Original print version of this title was preceded by an earlier title called: Oral implantology. 
588 |a Description based on: Vol. 30, no. 2 (2004); title from journal information screen (FirstSearch, viewed May 14, 2004). 
588 |a Latest issue consulted: Vol. 32, no. 3 (June 2006) (publishers website, viewed Sept. 29, 2008). 
650 0 |a Dental implants  |v Periodicals. 
650 6 |a Implants dentaires  |v Périodiques. 
650 7 |a Dental implants.  |2 fast  |0 (OCoLC)fst00890486 
650 2 |a Dental Implantation  |v Perioicals. 
655 0 |a Electronic journals. 
710 2 |a American Academy of Implant Dentistry. 
710 2 |a American Academy of Implant Prosthodontics. 
776 1 |t Journal of oral implantology  |x 0160-6972  |w (DLC)sc 78002202  |w (OCoLC)3693079 
780 0 0 |t Oral implantology 
856 4 0 |z Full text available from Research Library: 03/01/2005 to 6 months ago  |u https://search.proquest.com/publication/31216